000 01537cam a2200493 a 4500
001 22274
003 VRT
005 20260324160554.0
008 240318s2015 xo g 000 f slo
015 _aSNBA2016/03
020 _a9788081145698
_q(viaz.)
035 _aurn:nbn:sk:snk-am00a3pb
035 _aurn:nbn:sk:snk-am3h8fd
035 _a081ED916-CBDD-4398-8364-4F41714B399B
039 9 _a202403182128
_bVLOAD
_c202310241422
_dAUTHORITY
_c201811301429
_dVLOAD
_c201605120942
_dmvkhe01
040 _aPPPK
_bslo
_cPPPK
_dSNK
_eAACR2
041 0 _aslo
044 _axo
_cSK
072 7 _a821.162.4-3
_xSlovenská próza
_2konspekt
080 _a821.162.4-31
_22011
100 1 _aHavranová, Ivana,
_d1952-
_4aut
245 1 0 _aBosorka Ana
_cIvana Havranová
246 3 _aBosorka
250 _a1. vyd.
260 _aBratislava
_bMarenčin PT
_c2015
300 _a190 s.
_c21 cm
655 7 _aslovenské romány
_2SNKPH
655 7 _aSlovak fiction
_2SNKPHeng
910 _apppk
910 _apokpoh
910 _avthk
910 _atotk
910 _askpk
910 _asnk
910 _asavuk
910 _ahevk
942 _2ddc
_cKLDO
_n0
949 _6270001000528283
_asvkbbA 147208
_bsvkbbm 759798
949 _6273K0610317
_asvkpoA 231941
_bsvkpo605083
949 _617A1180545
_asnkSC 168168
_bsnk2016/4159
_o393/16
_s6100:20160314
949 _617A1180546
_asnkSC 168168 D1
_bsnk2016/4160
_o393/16
949 _62889311607
_asavukPV 22183
_bsavuk2016/1248
999 _c22274
_d22274